Príspevok k regionálnej diferenciácii demografických štruktúr

V súvislosti s regionálnou diferenciáciou demografických štruktúr vystupuje do popredia nerovnaká intenzita poklesu reprodukcie obyvateľstva v rôznych oblastiach Slovenska, na úrovni regiónov i obcí. V článku sa použili dva z možných spôsobov analýzy reprodukcie obyvateľstva na úrovni obcí.

Enregistré dans:
Détails bibliographiques
Auteur principal: Podolák, P.
Format: Chapitre de livre
Langue:slovaque
Sujets:
Tags: Ajouter un tag
Pas de tags, Soyez le premier à ajouter un tag!

MARC

LEADER 00000naa a2200000 4500
001 r000511
005 20221205075905.4
041 0 |a slo 
044 |a SK 
245 1 0 |a Príspevok k regionálnej diferenciácii demografických štruktúr  |c P. Podolák 
520 |a V súvislosti s regionálnou diferenciáciou demografických štruktúr vystupuje do popredia nerovnaká intenzita poklesu reprodukcie obyvateľstva v rôznych oblastiach Slovenska, na úrovni regiónov i obcí. V článku sa použili dva z možných spôsobov analýzy reprodukcie obyvateľstva na úrovni obcí. 
610 2 0 |a vývoj populačný 
610 2 0 |a Slovensko 
610 2 0 |a demografia 
610 2 0 |a populácia 
610 2 0 |a regionalizácia 
610 2 0 |a regióny 
100 1 |a Podolák, P.